Studia z zakresu finansów i polityki podatkowej

Salvato in:
Dettagli Bibliografici
Altri autori: Hybka, Małgorzata Magdalena, Juja, Tadeusz
Natura: Libro
Lingua:polacco
inglese
Pubblicazione: Poznań Wydawnictwo Uniwersytetu Ekonomicznego w Poznaniu 2012
Serie:Zeszyty naukowe 232
Soggetti:
Tags: Aggiungi Tag
Nessun Tag, puoi essere il primo ad aggiungerne!!

MARC

LEADER 00000nam a2200000 4500
001 0165044
005 20240109073606.8
020 |a 978-83-7417-720-7 
022 |a 1689-7374 
041 0 |a pol 
041 0 |a eng 
044 |a PL 
245 1 0 |a Studia z zakresu finansów i polityki podatkowej  |c redakcja naukowa Małgorzata Magdalena Hybka, Tadeusz Juja 
264 1 |a Poznań  |b Wydawnictwo Uniwersytetu Ekonomicznego w Poznaniu  |c 2012 
300 |a 242 s. 
490 1 |a Zeszyty naukowe  |v 232 
830 0 |a Zeszyty naukowe  |v 232 
610 2 0 |a financie 
610 2 0 |a financie verejné 
610 2 0 |a politika daňová 
700 1 |a Hybka, Małgorzata Magdalena 
700 1 |a Juja, Tadeusz